000 00679nam a22002297a 4500
003 UA-OsUOA
001 85025
007 ta
008 20120614b un ||||| |||| 00| 0 ukr d
100 _aАрхиєпископ Андрей
090 _a26/28
_bА65
942 _cBK
040 _aUA-OsUOA
_bukr
_cUA-OsUOA
_dUA-OsUOA
245 _aВід Єрусалиму починаючи
_bПравославіє, Римо-Католицтво, Протестанство
300 _a93 с.
955 _a1
041 _aukr
080 _a26/28
260 _aЕдмонтон
_c1967
650 7 _a26 Християнська Церква загалом
_2UDC
999 _c371333
_d371333